| 000 | 006270000a22002170004500 | ||
|---|---|---|---|
| 003 | LK-CoMWRAF | ||
| 005 | 20230915170855.0 | ||
| 008 | 230817t1998 ||||| |||| 00| 0 eng d | ||
| 020 | _a1856497356 | ||
| 040 |
_aLK-CoMWRAF _dLK-CoMWRAF _eLK-CoMWRAF |
||
| 041 | _aeng | ||
| 082 |
_a305.4 _bMIE |
||
| 100 | _aMies, Maria | ||
| 245 |
_aPatriarchy and Accumulation on a World Scale: _bWomen in the International Division of Labour |
||
| 260 |
_aNewYork: _bZed Books, _c1998 |
||
| 300 | _a251 p. ; 23 cm. | ||
| 650 | _aSEXUAL DIVISION OF LABOUR | ||
| 650 | _aWomen -History | ||
| 650 | _aWomen -Social conditions | ||
| 942 | _cBK | ||
| 999 |
_c330 _d330 |
||